000
00313nam a2200133Ia 4500
005
20251222155037.0
008
251222s9999||||xx |||||||||||||| ||spa||
082
_a
ANT.18
100
_a
CASANOVA LENTI Carlos.
245
2
_a
A Surgery Without Scalpel
250
_a
1ra. ed.
264
_b
Casanova
942
_c
LIB
999
_c
36798
_d
36798